Anatole France világa /
Uložené v:
| Hlavný autor: | |
|---|---|
| Médium: | Kniha |
| Jazyk: | Hungarian |
| Vydané: |
Budapest :
Europa könyvkiadó,
1973.
|
| Vydanie: | 1. kiad. |
| Edícia: | Írók világa
|
| ISBN: |
(brož.) |
| Fyzický popis: |
166 s. : il. ; 18 cm. |
| Tagy: |
Pridať tag
Žiadne tagy, Buďte prvý kto otaguje tento záznam!
|
Titul je dostupný aj v ... 

MARC
| LEADER | 00000nam a22000007a 4500 | ||
|---|---|---|---|
| 001 | 000436281 | ||
| 005 | 20131009150719.0 | ||
| 008 | 081120s1973 hu hun d | ||
| 020 | |a (brož.) |c Kčs 9,00 | ||
| 040 | |a SVKKK |b slo |c SVKKK |e AACR2 | ||
| 041 | 0 | |a hun | |
| 044 | |a hu |c HU | ||
| 100 | 1 | |a Bajomi Lázár, Endre |d 1914-1987 |4 aut | |
| 245 | 1 | 0 | |a Anatole France világa / |c Endre Bajomi Lázár. |
| 250 | |a 1. kiad. | ||
| 260 | |a Budapest : |b Europa könyvkiadó, |c 1973. | ||
| 300 | |a 166 s. : |b il. ; |c 18 cm. | ||
| 490 | 1 | |a Írók világa | |
| 830 | 0 | |a Írók világa | |
| 910 | |a svkkk | ||
| 998 | |a BK | ||
| 090 | |g SCKHL |k Sklad Hlavná 10 suterén |a I.41999 |j 494704 |i 2720462848 |s Absenčne | ||